Small pits for planting of rubber (Record no. 68760)

MARC details
000 -LEADER
fixed length control field 00381nam a2200157Ia 4500
100 ## - MAIN ENTRY--AUTHOR NAME
Personal name Joseph P
245 #0 - TITLE STATEMENT
Title Small pits for planting of rubber
260 ## - PUBLICATION, DISTRIBUTION, ETC. (IMPRINT)
Name of publisher Rubber Board Bulletin
Year of publication 2012
300 ## - PHYSICAL DESCRIPTION
Number of Pages 10-Sep
650 ## - SUBJECT ADDED ENTRY--TOPICAL TERM
Topical Term Planting pit
650 ## - SUBJECT ADDED ENTRY--TOPICAL TERM
Topical Term Rubber planting
700 ## - ADDED ENTRY--PERSONAL NAME
Personal name George S
700 ## - ADDED ENTRY--PERSONAL NAME
Personal name Jessy M D
942 ## - ADDED ENTRY ELEMENTS (KOHA)
Koha item type Journals
Holdings
Withdrawn status Lost status Damaged status Not for loan Home library Current library Shelving location Date acquired Serial Enumeration / chronology Koha item type
      Journals RRII Library RRII Library Agronomy 05/03/2013 Volume 31, Issue 1 Journals